| 000 | 00336nam a22001457a 4500 | ||
|---|---|---|---|
| 003 | NUST | ||
| 038 | _aNUST | ||
| 082 | _a621.38173 CHI | ||
| 100 |
_aCHIRLIAN,PAUL.M _957387 |
||
| 245 | _aANALYSIS AND DESIGN OF INTEGRATED ELECTRONIC CIRCUITS | ||
| 260 |
_aLONDON _bHARPER _c1987 |
||
| 300 | _a1019p | ||
| 563 | _aHB | ||
| 942 |
_cBK _2ddc |
||
| 999 |
_c568474 _d568474 |
||